Corazones en la atlántida /
Guardado en:
| Autor Principal: | |
|---|---|
| Formato: | Libro |
| Publicado: |
España :
Plaza & Janes,
1999
|
| Etiquetas: |
Agregar Etiqueta
Sin Etiquetas, Sea el primero en etiquetar este registro!
|
| LEADER | 00398nam a22001455a 4500 | ||
|---|---|---|---|
| 001 | CEM.cems010255 | ||
| 005 | 20060214000000.0 | ||
| 008 | 130507s1999##################000#0#####d | ||
| 003 | CEMS | ||
| 082 | 0 | 4 | |a 813.5 |
| 100 | 1 | |a King, Stephen | |
| 245 | 1 | 0 | |a Corazones en la atlántida / |
| 260 | |a España : |b Plaza & Janes, |c 1999 | ||
| 300 | |a 535 p.1 | ||
| 859 | |a CEMS |b BIB. CEMS - 11 de abril |h 813.5 |i K587-6 |p 20771.00 |t Ej.1 | ||
